Pregroups and Bass-Serre theory

Αποθηκεύτηκε σε:
Λεπτομέρειες βιβλιογραφικής εγγραφής
Κύριος συγγραφέας: Rimlinger, Frank 1957-
Μορφή: Βιβλίο
Γλώσσα:English
Δημοσίευση: Providence, R.I., USA : American Mathematical Society, 1987
Σειρά:Memoirs of the American Mathematical Society ; ; 361
Θέματα:
Ετικέτες: Προσθήκη ετικέτας
Δεν υπάρχουν, Καταχωρήστε ετικέτα πρώτοι!

MARC

LEADER 00000cam a2200000 i 4500
001 1/50706
008 941103s1987 eng d
020 |a 082182421X 
035 |l 10043948 
035 |a 1994 
040 |a GR-MY-UA  |b gre  |e aacr 
041 0 |a eng 
082 0 |a 512.2 
100 1 |a Rimlinger, Frank  |d 1957- 
245 1 0 |a Pregroups and Bass-Serre theory /  |c Frank Rimlinger 
246 3 3 |a Bass-Serre theory 
260 |a Providence, R.I., USA :   |b American Mathematical Society,   |c 1987 
300 |a viii, 73 p.;  |b ill.;  |c 26 cm 
490 1 |a Memoirs of the American Mathematical Society  |v ; 361 
500 |a "January 1987, volume 65, number 361 (fourth of 5 numbers)" 
504 |a Bibliography: p. 73 
650 0 0 |a Pregroups. 
830 0 |a Memoirs of the American Mathematical Society ;  |v ; 361 
852 |a INST  |b SAMOS  |e 19941103  |h 512.2 RIM  |p 005300009584  |q 005300009584  |t BK  |y 0 
909 |a Σ  |b 033677